Plan de Actuación de Mandato 2020-2023 : una estrategia municipalista para un desarrollo sostenible : síntesis una estrategia municipalista para un desarrollo sostenible : síntesis
Descripción Física:
31 pàgines : il·lustracions ; 30 cm
Idioma:
Español
MARC
| LEADER | 00000nam a2200000 a 4500 | ||
|---|---|---|---|
| 001 | 25386 | ||
| 003 | Arxiu | ||
| 005 | 20260324181104.0 | ||
| 008 | 220429b spa||||| |||| 00| 0 spa d | ||
| 017 | |a DL B 21391-2020 | ||
| 080 | |a FU-68-50 | ||
| 110 | 1 | |a Barcelona (Catalunya : Província). |b Diputació |9 52408 | |
| 245 | |a Plan de Actuación de Mandato 2020-2023 : |b una estrategia municipalista para un desarrollo sostenible : síntesis | ||
| 246 | 3 | 3 | |a PAM |
| 250 | |a Primera edición | ||
| 260 | |a Barcelona : |b Diputación de Barcelona, |c octubre 2020 | ||
| 300 | |a 31 pàgines : |b il·lustracions ; |c 30 cm | ||
| 590 | |a Hi ha un exemplar en català amb R. 19905 | ||
| 610 | 1 | 0 | |9 52706 |a Barcelona (Catalunya : Província). |b Diputació |v Planificació |
| 710 | 1 | |9 52746 |a Barcelona (Catalunya : Província). |b Diputació. |t Pla d'actuació de mandat 2020-2023 | |
| 901 | |a Arxiu | ||
| 942 | |n 1 |2 udc |c ARXIU | ||
| 952 | |0 0 |1 0 |4 0 |6 FU6850 |7 1 |9 61466 |a Arxiu |b Arxiu |d 2022-05-03 |l 0 |o FU-68-50 |p 25386 |r 2022-05-03 00:00:00 |w 2022-05-03 |y ARXIU | ||
| 999 | |c 81419 |d 81419 | ||